000 01347nam a2200277Ia 4500
999 _c49595
_d49595
001 16527
003 GE_BSU
005 20250114114157.0
008 181216s2014||||ge |||||||||||||| ||geo||
020 _a9789941017957
040 _cGE_BSU
041 _ageo
080 _a51(075.4)+514(075.4) მ-15
245 _aმათემატიკა : გეომეტრია :
_b[საატესტატო და ეროვნული გამოცდებისათვის] /
_cბეჟან ღვაბერიძე, ფრიდონ დვალიშვილი, ალექსანდრე მოსიძე [და სხვ.] ; რედ. ნ. ქალდანი.
250 _aმეექვსე გამოცემა
264 _aთბილისი :
_b[?],
_c2014.
300 _a384 გვ. ;
_c27 სმ.
541 _h13ლ.
653 _aმათემატიკა
653 _aგეომეტრია
700 _aღვაბერიძე, ბეჟან
_eავტორი
_923397
700 _aდვალიშვილი, ფრიდონ
_eავტორი
_923398
700 _aმოსიძე, ალექსანდრე
_eავტორი
_923399
700 _aქალდანი, ნ.
_eრედაქტორი
_922383
942 _cBK
_2udc